[Event "Faaker See op 27th"]
[Site "Latschach (13.8.-20.8)"]
[Date "2011.08.19"]
[Round "8.4"]
[White "Kukov, Velislav"]
[Black "Hresc, Vladimir"]
[Result "1-0"]
[WhiteElo "2377"]
[BlackElo "2408"]
[PlyCount "159"]
[EventDate "2011.08.13"]
[EventType "swiss"]
[EventRounds "9"]
[EventCountry "AUT"]
[WhiteTeam "BUL (Bulgarien)"]
[BlackTeam "CRO (Kroatien)"]
[WhiteTeamCountry "BUL"]
[BlackTeamCountry "CRO"]

1. Nf3 Nf6 2. c4 c5 3. d4 cxd4 4. Nxd4 g6 5. Nc3 Bg7 6. e4 d6 7. Be2 O-O 8. Be3
Nc6 9. O-O Bd7 10. Qd2 a6 11. f3 Rc8 12. Rfd1 Nxd4 13. Bxd4 Be6 14. Nd5 Bxd5
15. cxd5 Nd7 16. Be3 f5 17. exf5 Rxf5 18. f4 Rf8 19. Bg4 Rc4 20. Rac1 Rxc1 21.
Rxc1 h5 22. Be6+ Kh7 23. b4 Nf6 24. f5 gxf5 25. Bxf5+ Kh8 26. Rc8 Qxc8 27. Bxc8
Rxc8 28. Bh6 Rc4 29. Bxg7+ Kxg7 30. g3 b5 31. a3 Kf7 32. h3 Re4 33. Qf2 Re5 34.
Qa7 Rxd5 35. Qxa6 e5 36. a4 bxa4 37. Qxa4 Rd3 38. b5 Rxg3+ 39. Kh2 Rg8 40. Qc4+
Ke7 41. b6 Rb8 42. Qc7+ Nd7 43. b7 h4 44. Kg2 Rf8 45. Kg1 e4 46. Qc6 Nc5 47.
Qb6 Nd7 48. Qe3 Rg8+ 49. Kf1 Nc5 50. Qh6 Rb8 51. Qxh4+ Kd7 52. Qg4+ Kc7 53. h4
Rxb7 54. h5 Rb1+ 55. Kg2 Rb2+ 56. Kg3 Rb3+ 57. Kh4 Rb1 58. Qg2 e3 59. h6 Rb4+
60. Kg5 Re4 61. Qe2 Ne6+ 62. Kf5 d5 63. Qh2+ Kd7 64. h7 e2 65. h8=Q Nd4+ 66.
Qxd4 Rxd4 67. Qxe2 Re4 68. Qb5+ Kd6 69. Qb6+ Kd7 70. Qc5 Re7 71. Qxd5+ Kc7 72.
Qc5+ Kd7 73. Qd5+ Kc7 74. Kf6 Re8 75. Qf7+ Kd8 76. Qb7 Re1 77. Qd5+ Kc8 78.
Qc4+ Kd8 79. Qd4+ Ke8 80. Qa4+ 1-0

[Event "Faaker See op 27th"]
[Site "Latschach (13.8.-20.8)"]
[Date "2011.08.19"]
[Round "8.5"]
[White "Rotstein, Arkadij"]
[Black "Wegerer, Fred"]
[Result "1-0"]
[WhiteElo "2479"]
[BlackElo "2142"]
[PlyCount "74"]
[EventDate "2011.08.13"]
[EventType "swiss"]
[EventRounds "9"]
[EventCountry "AUT"]
[WhiteTeam "Porz SG"]
[BlackTeam "AUT (Österreich)"]
[WhiteTeamCountry "GER"]
[BlackTeamCountry "AUT"]

1. d4 Nf6 2. c4 e6 3. g3 Bb4+ 4. Bd2 a5 5. Bg2 d5 6. Nf3 Ne4 7. O-O Nxd2 8.
Nbxd2 O-O 9. c5 a4 10. a3 Bxd2 11. Qxd2 Nc6 12. Qf4 Bd7 13. e4 dxe4 14. Qxe4
Na5 15. Ne5 Bb5 16. Rfe1 c6 17. Rad1 Qc7 18. h4 Rae8 19. Qc2 f6 20. Nf3 Nb3 21.
Bh3 Qd7 22. Re3 Qd5 23. Rde1 f5 24. Qc3 Qc4 25. Re5 Rd8 26. Bf1 Qxc3 27. bxc3
Bxf1 28. Kxf1 b6 29. cxb6 Rb8 30. Rxe6 Rxb6 31. d5 Na5 32. Ne5 Rb3 33. Nxc6 Nb7
34. Ne7+ Kf7 35. Nxf5 Nc5 36. Nd6+ Kg8 37. Re8 g6 1-0

[Event "Faaker See op 27th"]
[Site "Latschach (13.8.-20.8)"]
[Date "2011.08.19"]
[Round "8.6"]
[White "Rodman, Franc"]
[Black "Kaid, Almar Dr"]
[Result "0-1"]
[WhiteElo "2143"]
[BlackElo "2262"]
[PlyCount "88"]
[EventDate "2011.08.13"]
[EventType "swiss"]
[EventRounds "9"]
[EventCountry "AUT"]
[WhiteTeam "SLO (Slowenien)"]
[BlackTeam "Hamburg-Diogenes SC"]
[WhiteTeamCountry "SLO"]
[BlackTeamCountry "GER"]

1. d4 e6 2. Nf3 f5 3. g3 Nf6 4. Bg2 d5 5. O-O Bd6 6. c4 c6 7. Nc3 O-O 8. Bf4
Bxf4 9. gxf4 Ne4 10. Rc1 Nd7 11. e3 Kh8 12. Ne5 Nxe5 13. fxe5 Bd7 14. Ne2 Qa5
15. a3 Qd8 16. Kh1 Qh4 17. Kg1 Be8 18. f3 Ng5 19. Qe1 Qh6 20. h4 Nf7 21. f4 Qg6
22. Qg3 Nh6 23. Qxg6 Bxg6 24. Bf3 Ng4 25. Bxg4 fxg4 26. cxd5 Bd3 27. Rfe1 Bxe2
28. Rxe2 exd5 29. Kg2 h5 30. Kg3 Kh7 31. b4 a6 32. Rc5 Kg6 33. e4 dxe4 34. d5
cxd5 35. Rxd5 Rfd8 36. Rd6+ Rxd6 37. exd6 Rd8 38. Rd2 Kf6 39. Rd5 g6 40. f5
gxf5 41. Kf4 Rg8 42. d7 Ke7 43. Kxf5 g3 44. Kxe4 Kd8 0-1

[Event "Faaker See op 27th"]
[Site "Latschach (13.8.-20.8)"]
[Date "2011.08.19"]
[Round "8.7"]
[White "Posch, Roland"]
[Black "Barthel, Ansgar"]
[Result "0-1"]
[WhiteElo "2123"]
[BlackElo "2199"]
[PlyCount "119"]
[EventDate "2011.08.13"]
[EventType "swiss"]
[EventRounds "9"]
[EventCountry "AUT"]
[WhiteTeam "AUT (Österreich)"]
[BlackTeam "Pirmasens SC"]
[WhiteTeamCountry "AUT"]
[BlackTeamCountry "GER"]

1. e4 Nf6 2. e5 Nd5 3. d4 d6 4. Nf3 Bg4 5. c4 Nb6 6. Be2 dxe5 7. dxe5 Qxd1+ 8.
Kxd1 Nc6 9. Bf4 O-O-O+ 10. Nbd2 h6 11. Ke1 e6 12. h3 Bf5 13. g4 Bh7 14. Kf1 g5
15. Bg3 Bg7 16. Re1 Nd7 17. h4 Ndxe5 18. hxg5 hxg5 19. Nxe5 Nxe5 20. Bxe5 Bxe5
21. Nf3 Bxb2 22. Nxg5 Bg6 23. Rxh8 Bxh8 24. Rd1 Rxd1+ 25. Bxd1 Bf6 26. Nf3 Bd3+
27. Be2 Bb1 28. a3 a5 29. Ke1 Kd7 30. Kd2 Kd6 31. Bd3 Ba2 32. Kc2 Kc5 33. Nd2
Bd4 34. Ne4+ Kc6 35. Ng5 a4 36. Nxf7 Bb3+ 37. Kb1 Bxf2 38. Nd8+ Kd7 39. Nxb7
Ke7 40. g5 Bd1 41. g6 Kf6 42. Nd8 Bg4 43. Bc2 Bf5 44. Bxf5 exf5 45. g7 Kxg7 46.
Ne6+ Kf6 47. Nxc7 Ke5 48. Nb5 Bd4 49. Kc2 Ke4 50. Kd2 f4 51. Ke2 f3+ 52. Kd2
Be3+ 53. Ke1 Kd3 54. Nd6 Bc5 55. Nf7 f2+ 56. Kf1 Kxc4 57. Ne5+ Kb3 58. Nd3 Ba7
59. Nxf2 Bxf2 60. Kxf2 0-1

[Event "Faaker See op 27th"]
[Site "Latschach (13.8.-20.8)"]
[Date "2011.08.19"]
[Round "8.8"]
[White "Keller, Manfred(45)"]
[Black "Kock, Hans-Uwe"]
[Result "1-0"]
[WhiteElo "2170"]
[BlackElo "2084"]
[PlyCount "77"]
[EventDate "2011.08.13"]
[EventType "swiss"]
[EventRounds "9"]
[EventCountry "AUT"]
[WhiteTeam "Pang/Rosenheim SGem"]
[BlackTeam "Rendsburg-VHS SV"]
[WhiteTeamCountry "GER"]
[BlackTeamCountry "GER"]

1. d4 c5 2. e4 cxd4 3. Nf3 Nc6 4. Nxd4 g6 5. Nc3 Bg7 6. Be3 e6 7. Ndb5 Nge7 8.
Nd6+ Kf8 9. Qd2 Qa5 10. Be2 h5 11. O-O Ne5 12. h3 f5 13. a3 Nf7 14. Nxc8 Rxc8
15. Qxd7 Bxc3 16. bxc3 Rxc3 17. Bd2 Qc7 18. Qxe6 Rc6 19. Qb3 fxe4 20. Qa4 Nd6
21. Qxa7 Nef5 22. Bb4 Kg7 23. c4 Kh7 24. Rfd1 Nxc4 25. Rab1 Ncd6 26. Ba5 Qc8
27. g4 Ng7 28. Bb4 Rd8 29. Bxd6 Rcxd6 30. Rxd6 Rxd6 31. Rxb7 Qc1+ 32. Kg2 Qc3
33. Rc7 Qe5 34. Re7 Qc3 35. Rxe4 Rd2 36. Qe3 Qb2 37. Re7 Rd5 38. gxh5 g5 39.
Qe4+ 1-0

[Event "Faaker See op 27th"]
[Site "Latschach (13.8.-20.8)"]
[Date "2011.08.19"]
[Round "8.10"]
[White "Sorcnik, Franc"]
[Black "Fiala, Vaclav"]
[Result "1-0"]
[WhiteElo "2113"]
[BlackElo "2162"]
[PlyCount "131"]
[EventDate "2011.08.13"]
[EventType "swiss"]
[EventRounds "9"]
[EventCountry "AUT"]
[WhiteTeam "SLO (Slowenien)"]
[BlackTeam "CZE (Tschechien)"]
[WhiteTeamCountry "SLO"]
[BlackTeamCountry "CZE"]

1. e4 c5 2. Nf3 d6 3. d4 cxd4 4. Nxd4 Nf6 5. Nc3 a6 6. Be2 e6 7. O-O Be7 8. Kh1
Qc7 9. f4 b5 10. a3 Bb7 11. Bf3 Nbd7 12. Bd2 Nb6 13. Qe2 Nfd7 14. f5 Bf6 15.
fxe6 Bxd4 16. exd7+ Nxd7 17. Nd5 Bxd5 18. exd5+ Be5 19. Bc3 O-O 20. Bxe5 Nxe5
21. Be4 Rac8 22. a4 Qc4 23. Rfe1 bxa4 24. h3 f5 25. Bd3 Qxd5 26. Bxa6 Rb8 27.
Rxa4 Qc6 28. b3 f4 29. Rf1 g5 30. Bd3 Qd7 31. Be4 Rbe8 32. Qh5 Kh8 33. Rfa1 Re7
34. Ra8 Ref7 35. Bxh7 Rxh7 36. Rxf8+ Kg7 37. Qe8 Qxe8 38. Rxe8 Kf6 39. Ra6 Rd7
40. Raa8 Rc7 41. Rec8 Rb7 42. Rcb8 Rh7 43. Kg1 Kf5 44. Kf2 g4 45. Rf8+ Kg5 46.
Rg8+ Kf5 47. Rgf8+ Kg5 48. hxg4 Nxg4+ 49. Kf3 Re7 50. Rg8+ Kf5 51. Raf8+ Nf6
52. Rxf6+ Kxf6 53. Kxf4 Re2 54. c4 Rb2 55. Rg3 Re2 56. Rd3 Rxg2 57. Rxd6+ Ke7
58. Rd3 Ke6 59. Ke3 Rc2 60. Ke4 Rh2 61. Kd4 Kd6 62. b4 Kc6 63. Kc3 Rh1 64. b5+
Kc5 65. Rd5+ Kb6 66. Rd6+ 1-0

[Event "Faaker See op 27th"]
[Site "Latschach (13.8.-20.8)"]
[Date "2011.08.19"]
[Round "8.12"]
[White "Trevisan, Luigi"]
[Black "Holzbauer, Johann"]
[Result "1/2-1/2"]
[WhiteElo "2147"]
[BlackElo "2066"]
[PlyCount "20"]
[EventDate "2011.08.13"]
[EventType "swiss"]
[EventRounds "9"]
[EventCountry "AUT"]
[WhiteTeam "ITA (Italien)"]
[BlackTeam "AUT (Österreich)"]
[WhiteTeamCountry "ITA"]
[BlackTeamCountry "AUT"]

1. c4 e5 2. Nf3 Nc6 3. d3 d6 4. g3 f5 5. Bg2 Nf6 6. O-O g6 7. Nc3 Bg7 8. Rb1
O-O 9. b4 h6 10. Ne1 Kh7 1/2-1/2

[Event "Faaker See op 27th"]
[Site "Latschach (13.8.-20.8)"]
[Date "2011.08.19"]
[Round "8.13"]
[White "Skok, Joze"]
[Black "Saathoff, Richard"]
[Result "0-1"]
[WhiteElo "2004"]
[BlackElo "2111"]
[PlyCount "140"]
[EventDate "2011.08.13"]
[EventType "swiss"]
[EventRounds "9"]
[EventCountry "AUT"]
[WhiteTeam "SLO (Slowenien)"]
[BlackTeam "Nürnberg-Süd SW"]
[WhiteTeamCountry "SLO"]
[BlackTeamCountry "GER"]

1. e4 e5 2. Nf3 Nc6 3. Bb5 f5 4. d3 fxe4 5. dxe4 Nf6 6. Qe2 Bc5 7. O-O Nd4 8.
Nxd4 Bxd4 9. c3 Bb6 10. Bg5 $146 {0.16} (10. a4) (10. Bc4) 10... O-O {0.11} 11.
Nd2 a6 12. Ba4 Qe8 13. Be3 Bxe3 14. Qxe3 (14. fxe3 $5) 14... Qg6 15. Bb3+ {0.56
} Kh8 {0.27} 16. Kh1 d6 17. Rae1 (17. f4 Qh6) 17... Nh5 18. Bd1 Bg4 19. Bxg4
Qxg4 20. h3 {1.24} Qe6 {0.50} 21. b3 Nf4 22. Nf3 Qh6 23. Nh2 g5 24. f3 Qe6 25.
Rd1 Rf6 26. Ng4 Rg6 27. Kh2 Qe7 28. g3 Ne6 29. Kg2 h5 30. Nh2 $4 (30. Nf2 $13)
30... Nf4+ 31. Kh1 Nxh3 $17 32. Qe2 Rf8 33. Qg2 Qe6 34. c4 Rgf6 35. Qe2 g4 36.
Rd2 gxf3 37. Rxf3 Rxf3 38. Nxf3 Qg4 39. Ng1 Nf2+ (39... Rf2) 40. Kg2 Qxe4+ 41.
Qxe4 Nxe4 42. Re2 Ng5 43. c5 Kg7 44. cxd6 cxd6 45. Rc2 Kf6 (45... d5) 46. Rc7
Rf7 47. Rc8 Rg7 48. Rh8 Ne4 49. Ne2 Kg5 50. Kf3 d5 51. Re8 Kf5 52. Rf8+ Nf6 53.
Nc3 Rd7 54. b4 e4+ 55. Ke2 Ke5 56. Na4 Rg7 57. Kf2 d4 58. Nc5 d3 59. Rd8 Re7
60. a3 Kf5 61. Ke3 Ke5 62. Rb8 Rc7 63. Kf2 Rf7 64. Rd8 Nd7+ 65. Ke1 Nxc5 66.
bxc5 Rc7 67. Rh8 Rxc5 68. Rxh5+ Kd4 69. Rh8 Ke3 70. Kd1 d2 0-1

[Event "Faaker See op 27th"]
[Site "Latschach (13.8.-20.8)"]
[Date "2011.08.19"]
[Round "8.14"]
[White "Yazman, Ozgur"]
[Black "Koch, Markus(06.76)"]
[Result "0-1"]
[WhiteElo "1993"]
[BlackElo "2135"]
[PlyCount "72"]
[EventDate "2011.08.13"]
[EventType "swiss"]
[EventRounds "9"]
[EventCountry "AUT"]
[WhiteTeam "CYP (Zypern)"]
[BlackTeam "Frankfurt-Brett vor'm Kopp SC"]
[WhiteTeamCountry "CYP"]
[BlackTeamCountry "GER"]

1. Nf3 c5 2. d4 cxd4 3. Nxd4 Nf6 4. g3 d5 5. Bg2 e5 6. Nb3 h6 7. N1d2 Nc6 8. c4
d4 9. Ne4 Be7 10. Nxf6+ Bxf6 11. Bd2 O-O 12. Qc1 Re8 13. Be4 Bg5 14. Bxg5 Qxg5
15. Qxg5 hxg5 16. Nc5 Nd8 17. Bd5 Rb8 18. Ne4 g4 19. Nd6 Re7 20. Nxc8 Rxc8 21.
Kd2 Ne6 22. h3 gxh3 23. Rxh3 g6 24. Rah1 Kg7 25. Rh7+ Kf6 26. b3 a6 27. Rh8
Rcc7 28. Rb8 Ng7 29. Rhh8 Kg5 30. Rbc8 Nf5 31. Rxc7 Rxc7 32. Rf8 Kf6 33. Rb8
Nd6 34. c5 Rxc5 35. Bxb7 Rb5 36. Rd8 Nxb7 0-1

[Event "Faaker See op 27th"]
[Site "Latschach (13.8.-20.8)"]
[Date "2011.08.19"]
[Round "8.15"]
[White "Fiorido, Giuseppe"]
[Black "Roescheisen, Markus"]
[Result "1/2-1/2"]
[WhiteElo "2124"]
[BlackElo "1977"]
[PlyCount "62"]
[EventDate "2011.08.13"]
[EventType "swiss"]
[EventRounds "9"]
[EventCountry "AUT"]
[WhiteTeam "ITA (Italien)"]
[BlackTeam "Esslingen-RSK TSV"]
[WhiteTeamCountry "ITA"]
[BlackTeamCountry "GER"]

1. e4 e5 2. Nf3 Nc6 3. Bb5 Nf6 4. O-O Nxe4 5. d4 Nd6 6. Bxc6 bxc6 7. Nxe5 Be7
8. Re1 O-O 9. Nd2 Bf6 10. Ndf3 Nf5 11. Bf4 Bb7 12. Qd3 Nh4 13. Nxh4 Bxh4 14.
Re3 d6 15. Nf3 Bf6 16. Rae1 h6 17. Nd2 a5 18. c3 d5 19. Nf3 Qd7 20. h3 Rfe8 21.
Qd2 Rxe3 22. Rxe3 Kf8 23. Ne5 Bxe5 24. Rxe5 Re8 25. Qe3 f6 26. Rxe8+ Qxe8 27.
Qxe8+ Kxe8 28. Bxc7 a4 29. Bd6 Ba6 30. b3 axb3 31. axb3 Bd3 1/2-1/2

[Event "Faaker See op 27th"]
[Site "Latschach (13.8.-20.8)"]
[Date "2011.08.19"]
[Round "8.16"]
[White "Scholvin, Erich"]
[Black "Riemelmoser, Markus"]
[Result "1/2-1/2"]
[WhiteElo "2058"]
[BlackElo "1779"]
[PlyCount "39"]
[EventDate "2011.08.13"]
[EventType "swiss"]
[EventRounds "9"]
[EventCountry "AUT"]
[WhiteTeam "Hamburger SK"]
[BlackTeam "Simbach SC"]
[WhiteTeamCountry "GER"]
[BlackTeamCountry "GER"]

1. d4 Nf6 2. Nf3 e6 3. e3 b6 4. Bd3 Bb7 5. O-O d5 6. b3 Nbd7 7. Bb2 Bd6 8. Nbd2
Qe7 9. Ne5 O-O 10. f4 Ne4 11. c4 f6 12. Nxd7 Qxd7 13. Nxe4 dxe4 14. Be2 Rad8
15. Qc2 c5 16. Rad1 cxd4 17. exd4 Qf7 18. Bc1 f5 19. Be3 Qc7 20. g3 1/2-1/2

[Event "Faaker See op 27th"]
[Site "Latschach (13.8.-20.8)"]
[Date "2011.08.19"]
[Round "8.17"]
[White "Kwossek, Georg"]
[Black "Mladenov, Plamen"]
[Result "0-1"]
[WhiteElo "1937"]
[BlackElo "2107"]
[PlyCount "72"]
[EventDate "2011.08.13"]
[EventType "swiss"]
[EventRounds "9"]
[EventCountry "AUT"]
[WhiteTeam "Kitzingen SC"]
[BlackTeam "BUL (Bulgarien)"]
[WhiteTeamCountry "GER"]
[BlackTeamCountry "BUL"]

1. d4 Nf6 2. Nf3 c5 3. d5 e6 4. Nc3 a6 5. e4 d6 6. a4 e5 7. g3 Be7 8. Bg2 Nbd7
9. O-O h5 10. h4 Nf8 11. Nd2 Ng4 12. Qf3 g5 13. Nc4 gxh4 14. a5 Nh7 15. Nb6 Rb8
16. Nca4 Bg5 17. Nxc8 Rxc8 18. Nb6 Rc7 19. Qa3 hxg3 20. fxg3 Bxc1 21. Raxc1 Qg5
22. Nc4 Ke7 23. Rcd1 f6 24. Rf5 Qg6 25. Qb3 Rd8 26. Rdf1 Nf8 27. Qb6 Rcd7 28.
Bh3 Nh7 29. Kh1 Ng5 30. Bxg4 hxg4 31. Rxf6 Qh5+ 32. Kg1 Rh8 33. Kf2 Nxe4+ 34.
Ke1 Nxf6 35. Nxd6 Rxd6 36. Qc7+ Nd7 0-1

[Event "Faaker See op 27th"]
[Site "Latschach (13.8.-20.8)"]
[Date "2011.08.19"]
[Round "8.18"]
[White "Meertens, Martin"]
[Black "Tarmann, Johannes"]
[Result "1-0"]
[WhiteElo "2122"]
[BlackElo "2019"]
[PlyCount "69"]
[EventDate "2011.08.13"]
[EventType "swiss"]
[EventRounds "9"]
[EventCountry "AUT"]
[WhiteTeam "Köln-Klub Sfr."]
[BlackTeam "AUT (Österreich)"]
[WhiteTeamCountry "GER"]
[BlackTeamCountry "AUT"]

1. e4 c6 2. d4 d5 3. e5 g6 4. c4 dxc4 5. Bxc4 e6 6. Nc3 Ne7 7. Ne4 Ng8 8. a3
Be7 9. Nf3 h6 10. h3 a5 11. Bf4 Na6 12. O-O Nc7 13. Nd6+ Kf8 14. Re1 Ne8 15.
Ne4 Ng7 16. Qd2 Nf5 17. b4 b6 18. Qb2 g5 19. Bd2 b5 20. Ba2 a4 21. Rad1 Ra7 22.
Qc3 Bd7 23. Bc1 Rc7 24. Rf1 Be8 25. Rd3 Rh7 26. Qd2 Rg7 27. g4 Nh4 28. Nxh4
gxh4 29. Kh2 f5 30. Nc5 Bxc5 31. dxc5 Rcd7 32. Rd6 fxg4 33. hxg4 Rxg4 34. Bxe6
Rxd6 35. cxd6 1-0

[Event "Faaker See op 27th"]
[Site "Latschach (13.8.-20.8)"]
[Date "2011.08.19"]
[Round "8.19"]
[White "Pakosta, Miroslav"]
[Black "Legat, Albert"]
[Result "1/2-1/2"]
[WhiteElo "2167"]
[BlackElo "1933"]
[PlyCount "58"]
[EventDate "2011.08.13"]
[EventType "swiss"]
[EventRounds "9"]
[EventCountry "AUT"]
[WhiteTeam "CZE (Tschechien)"]
[BlackTeam "AUT (Österreich)"]
[WhiteTeamCountry "CZE"]
[BlackTeamCountry "AUT"]

1. e4 c5 2. c3 e6 3. d4 cxd4 4. cxd4 Nf6 5. e5 Nd5 6. Nf3 d6 7. Nc3 dxe5 8.
Nxe5 Nc6 9. Bb5 Bd7 10. Bxc6 Bxc6 11. Nxc6 bxc6 12. Qa4 Qd7 13. O-O Be7 14. Be3
Nb6 15. Qc2 O-O 16. Rac1 Rac8 17. Rfd1 h6 18. Qe4 Nd5 19. Rd3 f5 20. Qf3 Bd6
21. Bd2 g5 22. Qh5 Qg7 23. Rh3 Rf6 24. Nxd5 exd5 25. f4 g4 26. Rd3 Qf7 27. Qh4
Be7 28. Qe1 Re6 29. Re3 Re4 1/2-1/2

[Event "Faaker See op 27th"]
[Site "Latschach (13.8.-20.8)"]
[Date "2011.08.19"]
[Round "8.20"]
[White "Isola, Gernot"]
[Black "Stock, Andreas(11.62)"]
[Result "0-1"]
[WhiteElo "1993"]
[BlackElo "2138"]
[PlyCount "70"]
[EventDate "2011.08.13"]
[EventType "swiss"]
[EventRounds "9"]
[EventCountry "AUT"]
[WhiteTeam "AUT (Österreich)"]
[BlackTeam "Pirmasens SC"]
[WhiteTeamCountry "AUT"]
[BlackTeamCountry "GER"]

1. e4 c5 2. Nf3 Nc6 3. c4 g6 4. d4 cxd4 5. Nxd4 Nf6 6. Nc3 d6 7. Be2 Nxd4 8.
Qxd4 Bg7 9. Be3 O-O 10. Qd2 Be6 11. O-O a6 12. Rac1 Qa5 13. b4 Qxb4 14. Rb1 Qa5
15. Bb6 Qe5 16. f4 Nxe4 17. Nxe4 Qxe4 18. Bf3 Qxc4 19. a4 Qxa4 20. Bxb7 Rab8
21. Ba7 Rbe8 22. Rb4 Qd7 23. Rc1 a5 24. Rbb1 Bf5 25. Rb3 a4 26. Rb4 a3 27. Bd4
Bxd4+ 28. Qxd4 Rb8 29. Bd5 Rxb4 30. Qxb4 Qa7+ 31. Kh1 e6 32. Ba2 Qf2 33. Qxa3
Be4 34. Rg1 Ra8 35. Qxd6 Qxa2 0-1

[Event "Faaker See op 27th"]
[Site "Latschach (13.8.-20.8)"]
[Date "2011.08.19"]
[Round "8.21"]
[White "De Nisi, Roberta"]
[Black "Hafner, Robert"]
[Result "1/2-1/2"]
[WhiteElo "1964"]
[BlackElo "2113"]
[PlyCount "119"]
[EventDate "2011.08.13"]
[EventType "swiss"]
[EventRounds "9"]
[EventCountry "AUT"]
[WhiteTeam "ITA (Italien)"]
[BlackTeam "AUT (Österreich)"]
[WhiteTeamCountry "ITA"]
[BlackTeamCountry "AUT"]

1. d4 d5 2. c4 c6 3. Nc3 dxc4 4. e4 b5 5. Be3 Nf6 6. f3 e6 7. a3 Be7 8. Qd2 O-O
9. Rd1 a6 10. Nge2 Bb7 11. g4 Nbd7 12. Kf2 c5 13. g5 Nh5 14. Ng3 Nxg3 15. hxg3
cxd4 16. Qxd4 Nc5 17. Qxd8 Rfxd8 18. Be2 Bc6 19. Rxd8+ Rxd8 20. Rd1 Rxd1 21.
Nxd1 Na4 22. Bc1 Bc5+ 23. Ke1 f6 24. gxf6 gxf6 25. Kd2 Kf7 26. Kc2 Bd6 27. g4
Nc5 28. Be3 Kg6 29. Nc3 h5 30. gxh5+ Kxh5 31. f4+ Kg6 32. e5 fxe5 33. fxe5 Be7
34. Bg4 Kf7 35. Bh5+ Kg7 36. Na2 Be4+ 37. Kd1 Nd3 38. Bd4 Bc5 39. Bc3 Bd5 40.
Nc1 Nxc1 41. Kxc1 Kh6 42. Be8 Kg5 43. Bd7 Kf5 44. Bc8 Be3+ 45. Kb1 Bf4 46. Bxa6
Bc6 47. a4 bxa4 48. Bxc4 Bxe5 49. Bb4 Be4+ 50. Ka2 Bd5 51. b3 axb3+ 52. Kxb3
Ke4 53. Bxd5+ exd5 54. Kc2 d4 55. Kd1 Bg3 56. Bc5 d3 57. Ba7 Bf4 58. Bb6 Kd5
59. Ba7 Kc4 60. Bb6 1/2-1/2

[Event "Faaker See op 27th"]
[Site "Latschach (13.8.-20.8)"]
[Date "2011.08.19"]
[Round "8.22"]
[White "Danner, Lambert"]
[Black "Sentug, Halil"]
[Result "1-0"]
[WhiteElo "2103"]
[BlackElo "1931"]
[PlyCount "95"]
[EventDate "2011.08.13"]
[EventType "swiss"]
[EventRounds "9"]
[EventCountry "AUT"]
[WhiteTeam "AUT (Österreich)"]
[BlackTeam "TUR (Türkei)"]
[WhiteTeamCountry "AUT"]
[BlackTeamCountry "TUR"]

1. g3 e5 2. Bg2 Nc6 3. c4 Nf6 4. Nc3 Bc5 5. e3 d6 6. Nge2 O-O 7. d4 exd4 8.
exd4 Bb6 9. O-O Bg4 10. h3 Bh5 11. Be3 Qe7 12. Qd2 Rad8 13. Nf4 Bg6 14. Nxg6
hxg6 15. Rfe1 Qd7 16. Rad1 Ba5 17. a3 Bxc3 18. Qxc3 Rde8 19. d5 Ne7 20. g4 b6
21. Bd4 Nxg4 22. hxg4 Qxg4 23. Qh3 Qxh3 24. Bxh3 Nf5 25. Bxf5 gxf5 26. Kf1 f6
27. Rxe8 Rxe8 28. Re1 Re4 29. Rxe4 fxe4 30. Ke2 Kf7 31. Ke3 f5 32. Kf4 g6 33.
Kg5 a6 34. b3 b5 35. cxb5 axb5 36. a4 bxa4 37. bxa4 Ke7 38. Kxg6 f4 39. Kf5 e3
40. f3 Kd7 41. Kxf4 e2 42. Bc3 c6 43. dxc6+ Kxc6 44. Ke3 Kc5 45. Kxe2 Kc4 46.
Bd2 d5 47. a5 Kb5 48. f4 1-0

[Event "Faaker See op 27th"]
[Site "Latschach (13.8.-20.8)"]
[Date "2011.08.20"]
[Round "9.1"]
[White "Malakhatko, Vadim"]
[Black "Kukov, Velislav"]
[Result "1/2-1/2"]
[WhiteElo "2546"]
[BlackElo "2377"]
[PlyCount "21"]
[EventDate "2011.08.13"]
[EventType "swiss"]
[EventRounds "9"]
[EventCountry "AUT"]
[WhiteTeam "FRA (Frankreich)"]
[BlackTeam "BUL (Bulgarien)"]
[WhiteTeamCountry "FRA"]
[BlackTeamCountry "BUL"]

1. d4 d5 2. c4 Nc6 3. cxd5 Qxd5 4. e3 e5 5. Nc3 Bb4 6. Bd2 Bxc3 7. bxc3 Nge7 8.
Qb1 Qd6 9. Bd3 f5 10. Ne2 O-O 11. a4 1/2-1/2

[Event "Faaker See op 27th"]
[Site "Latschach (13.8.-20.8)"]
[Date "2011.08.20"]
[Round "9.2"]
[White "Riemelmoser, Franz Dr"]
[Black "Stopa, Jacek"]
[Result "1/2-1/2"]
[WhiteElo "2308"]
[BlackElo "2474"]
[PlyCount "31"]
[EventDate "2011.08.13"]
[EventType "swiss"]
[EventRounds "9"]
[EventCountry "AUT"]
[WhiteTeam "Simbach SC"]
[BlackTeam "POL (Polen)"]
[WhiteTeamCountry "GER"]
[BlackTeamCountry "POL"]

1. c4 f5 2. g3 Nf6 3. Bg2 g6 4. Nc3 Bg7 5. e3 O-O 6. Nge2 d6 7. O-O Nc6 8. Rb1
a5 9. a3 e5 10. d3 Kh8 11. b4 axb4 12. axb4 Ne7 13. Bd2 c6 14. b5 d5 15. bxc6
bxc6 16. cxd5 1/2-1/2

[Event "Faaker See op 27th"]
[Site "Latschach (13.8.-20.8)"]
[Date "2011.08.20"]
[Round "9.3"]
[White "Kaid, Almar Dr"]
[Black "Rotstein, Arkadij"]
[Result "0-1"]
[WhiteElo "2262"]
[BlackElo "2479"]
[PlyCount "70"]
[EventDate "2011.08.13"]
[EventType "swiss"]
[EventRounds "9"]
[EventCountry "AUT"]
[WhiteTeam "Hamburg-Diogenes SC"]
[BlackTeam "Porz SG"]
[WhiteTeamCountry "GER"]
[BlackTeamCountry "GER"]

1. c4 g6 2. g3 Bg7 3. Bg2 e5 4. Nc3 d6 5. e4 Nc6 6. Nge2 h5 7. h4 Nh6 8. d3 O-O
9. O-O Be6 10. Nd5 f5 11. Bg5 Qd7 12. Qd2 Kh7 13. f3 Nd8 14. Rad1 c6 15. Ndc3
Ndf7 16. Be3 fxe4 17. Nxe4 Nf5 18. Ng5+ Nxg5 19. Bxg5 d5 20. cxd5 cxd5 21. Rc1
d4 22. b4 Rac8 23. Kh2 Qa4 24. Rxc8 Rxc8 25. Rc1 Rxc1 26. Nxc1 Bd5 27. g4 Ne3
28. gxh5 gxh5 29. Bh3 Bh6 30. Bxe3 Bxe3 31. Bf5+ Kh8 32. Qg2 Bf4+ 33. Kh3 Qc6
34. Ne2 Bxf3 35. Qf2 Bxe2 0-1

[Event "Faaker See op 27th"]
[Site "Latschach (13.8.-20.8)"]
[Date "2011.08.20"]
[Round "9.4"]
[White "Barthel, Ansgar"]
[Black "Guido, Flavio"]
[Result "0-1"]
[WhiteElo "2199"]
[BlackElo "2388"]
[PlyCount "50"]
[EventDate "2011.08.13"]
[EventType "swiss"]
[EventRounds "9"]
[EventCountry "AUT"]
[WhiteTeam "Pirmasens SC"]
[BlackTeam "ITA (Italien)"]
[WhiteTeamCountry "GER"]
[BlackTeamCountry "ITA"]

1. e4 c5 2. Nf3 e6 3. d4 cxd4 4. Nxd4 Nf6 5. Nc3 d6 6. Bd3 a6 7. Be3 Nbd7 8. f4
Qc7 9. Qf3 b5 10. g4 b4 11. Nce2 Nc5 12. g5 Nfd7 13. Ng3 g6 14. O-O Bg7 15. f5
exf5 16. exf5 Bb7 17. Qe2 Be5 18. Nf3 O-O 19. Nxe5 Nxe5 20. Bd4 Rae8 21. Bxe5
Rxe5 22. Qf2 Qc6 23. fxg6 hxg6 24. Bxg6 Rxg5 25. Bxf7+ Kh7 0-1

[Event "Faaker See op 27th"]
[Site "Latschach (13.8.-20.8)"]
[Date "2011.08.20"]
[Round "9.5"]
[White "Van Ginkel, Pieter"]
[Black "Keller, Manfred(45)"]
[Result "1/2-1/2"]
[WhiteElo "2244"]
[BlackElo "2170"]
[PlyCount "36"]
[EventDate "2011.08.13"]
[EventType "swiss"]
[EventRounds "9"]
[EventCountry "AUT"]
[WhiteTeam "Nürnberg-Süd SW"]
[BlackTeam "Pang/Rosenheim SGem"]
[WhiteTeamCountry "GER"]
[BlackTeamCountry "GER"]

1. d4 Nf6 2. c4 e6 3. Bg5 d5 4. Nc3 c5 5. cxd5 cxd4 6. Qxd4 Be7 7. Nf3 exd5 8.
e3 Nc6 9. Qd1 O-O 10. Be2 h6 11. Bh4 Qb6 12. Qb3 Rd8 13. Qxb6 axb6 14. O-O d4
15. exd4 Nxd4 16. Nxd4 Rxd4 17. Bg3 Rd2 18. Bf3 Rxb2 1/2-1/2